[Event "Championnat de France Pupille"]
[Site "CALVI"]
[Date "2005.04.23"]
[Round "8.3"]
[White "Ider, Borya"]
[Black "Netzer, Jacques"]
[Result "1/2-1/2"]
[WhiteElo "1939"]
[BlackElo "1990"]
[PlyCount "73"]
[EventDate "2005.??.??"]
[SourceDate "2005.04.17"]

1. Nf3 c5 2. b3 Nc6 3. Bb2 d6 4. e3 e5 5. d3 f5 6. Nbd2 Nf6 7. Be2 Be6 8. Ng5
Qd7 9. Bf3 d5 10. Nxe6 Qxe6 11. c4 d4 12. exd4 cxd4 13. Qe2 O-O-O 14. O-O Bd6
15. a3 Rhe8 16. b4 a6 17. Rac1 Kb8 18. Rfe1 Bc7 19. Qd1 Qd7 20. Qa4 Na7 21. Qb3
g5 22. g3 g4 23. Bg2 f4 24. Ne4 Nxe4 25. Rxe4 f3 26. Bf1 h5 27. h4 a5 28. Rb1
a4 29. Qc2 b5 30. Bc1 Qc6 31. Bg5 Rd7 32. c5 Bd8 33. Qd2 Qg6 34. Bxd8 Rdxd8 35.
Rbe1 Qc6 36. Qc1 Kb7 37. Qd2 1/2-1/2

[Event "Championnat de France Pupille"]
[Site "CALVI"]
[Date "2005.04.23"]
[Round "8.4"]
[White "Manoeuvre, Antoine"]
[Black "Lagarde, Maxime"]
[Result "1-0"]
[WhiteElo "1970"]
[BlackElo "1780"]
[PlyCount "63"]
[EventDate "2005.??.??"]
[SourceDate "2005.04.17"]

1. d4 Nf6 2. c4 e6 3. Nf3 Bb4+ 4. Bd2 Qe7 5. a3 Bxd2+ 6. Qxd2 b6 7. Nc3 Bb7 8.
g3 O-O 9. Bg2 Na6 10. O-O c5 11. e3 Rac8 12. b3 Rfd8 13. d5 Qf8 14. e4 exd5 15.
exd5 Nc7 16. Nh4 Nce8 17. Rfe1 Nd6 18. Qf4 Re8 19. Nf3 b5 20. Ne5 bxc4 21. bxc4
Re7 22. Re3 Nh5 23. Qh4 Nf5 24. Qxh5 Nxe3 25. fxe3 g6 26. Qh4 Rxe5 27. Ne4 {#}
27... Qe7 28. Nf6+ Kg7 29. Rf1 Rf5 30. Rxf5 gxf5 31. Qxh7+ Kxf6 32. Qh4+ 1-0

[Event "Championnat de France Pupille"]
[Site "CALVI"]
[Date "2005.04.23"]
[Round "8.5"]
[White "Samoun, Florent"]
[Black "Joudelat, David"]
[Result "0-1"]
[WhiteElo "1870"]
[BlackElo "1760"]
[PlyCount "104"]
[EventDate "2005.??.??"]
[SourceDate "2005.04.17"]

1. e4 c6 2. d4 d5 3. exd5 cxd5 4. Bd3 Nc6 5. c3 Qc7 6. h3 g6 7. Nf3 Bg7 8. O-O
Nh6 9. Re1 Bf5 10. Na3 a6 11. Nc2 Bxd3 12. Qxd3 f6 13. Ne3 Rd8 14. c4 dxc4 15.
Qxc4 b5 16. Qc5 Qd6 17. Qxd6 Rxd6 18. d5 Nb4 19. Nd4 Kf7 20. Ne6 Re8 21. Rd1
Rc8 22. Nxg7 Kxg7 23. b3 Nf5 24. Nxf5+ gxf5 25. Ba3 a5 26. Bxb4 axb4 27. Re1
Kf7 28. a4 bxa3 29. Rxa3 Rxd5 30. Ra5 Rc3 31. Rb1 Ke6 32. Re1+ Kf7 33. Rb1 Ke8
34. Ra8+ Rd8 35. Ra5 Rb8 36. Kf1 Kd7 37. Ke2 Rc2+ 38. Kf3 Rbc8 39. Kg3 R8c3+
40. f3 f4+ 41. Kxf4 Rxg2 42. Rd1+ Kc6 43. Ra6+ Kc5 44. Ra7 Rf2 45. Rc7+ Kb4 46.
Rd4+ Kxb3 47. Rxe7 Rfxf3+ 48. Kg4 Rg3+ 49. Kf5 Rcf3+ 50. Ke6 Re3+ 51. Kf7 Rxe7+
52. Kxe7 Rxh3 0-1

[Event "Championnat de France Pupille"]
[Site "CALVI"]
[Date "2005.04.23"]
[Round "8.6"]
[White "Viers, Emmanuel"]
[Black "Yu, William"]
[Result "1-0"]
[WhiteElo "1710"]
[BlackElo "1860"]
[PlyCount "105"]
[EventDate "2005.??.??"]
[SourceDate "2005.04.17"]

1. e4 g6 2. d4 Bg7 3. Nc3 a6 4. Nf3 d6 5. Be3 b5 6. Qd2 Bb7 7. Bd3 Nd7 8. Ne2
c5 9. c3 Ngf6 10. Ng3 Ng4 11. O-O-O Nxe3 12. fxe3 Rc8 13. Kb1 Qb6 14. Qf2 h6
15. Rhf1 Rf8 16. h4 b4 17. cxb4 Qxb4 18. h5 c4 19. Bc2 c3 20. Bd3 a5 21. hxg6
Ba6 22. Ne1 Bxd3+ 23. Nxd3 c2+ {#} 24. Qxc2 Rxc2 25. Nxb4 Rxg2 26. Nf5 Rxg6 27.
Nd5 e5 28. Rc1 Kd8 29. Nfe7 Nf6 30. Nxg6 fxg6 31. Nxf6 Rxf6 32. Rxf6 Bxf6 33.
dxe5 Bxe5 34. b3 g5 35. Kc2 Ke7 36. Rh1 Bg7 37. Kd3 Ke6 38. Ke2 Kf6 39. Kf3 Ke5
40. Rc1 h5 41. Rc7 Bf6 42. Ra7 g4+ 43. Kf2 Kxe4 44. Rxa5 Be5 45. Ra8 g3+ 46.
Kg2 Kxe3 47. a4 Kd4 48. Rc8 h4 49. a5 Ke3 50. a6 Bd4 51. Rh8 Bxh8 52. a7 Be5
53. a8=Q 1-0

[Event "Championnat de France Pupille"]
[Site "CALVI"]
[Date "2005.04.23"]
[Round "8.7"]
[White "Dubessay, Bastien"]
[Black "Mouhamad, Joachin"]
[Result "1-0"]
[WhiteElo "1939"]
[BlackElo "1750"]
[PlyCount "75"]
[EventDate "2005.??.??"]
[SourceDate "2005.04.17"]

1. b3 d5 2. Bb2 Nc6 3. f4 Bf5 4. e3 e6 5. Nf3 Nf6 6. h3 Be7 7. d3 Nh5 8. g4
Bh4+ 9. Kd2 Ng3 10. Rg1 Be4 11. Nxh4 Qxh4 12. Kc1 Nxf1 13. Qxf1 Bg6 14. Bxg7
Rg8 15. Bb2 O-O-O 16. Nd2 Qe7 17. Nf3 Qc5 18. Qe2 Nb4 19. Ne5 Nxc2 20. Kb1 Qxe3
21. Qxe3 Nxe3 22. Bd4 Nc4 23. Nxg6 Rxg6 24. dxc4 dxc4 25. Bf2 c3 26. a4 Rd3 27.
Bg3 h5 28. Kc2 Rf3 29. Raf1 Re3 30. g5 Rg8 31. Rd1 h4 32. Bxh4 Rxh3 33. g6 Rxh4
34. gxf7 Rf8 35. Rg8 Rh8 36. Rdg1 Kd7 37. Rxh8 Rxf7 38. Rg4 1-0

[Event "Championnat de France Pupille"]
[Site "CALVI"]
[Date "2005.04.23"]
[Round "8.8"]
[White "Boutaut, Pierre"]
[Black "Botto, Julien"]
[Result "1-0"]
[WhiteElo "1670"]
[BlackElo "1900"]
[PlyCount "47"]
[EventDate "2005.??.??"]
[SourceDate "2005.04.17"]

1. d4 d5 2. Nf3 Nf6 3. e3 c6 4. Nbd2 e6 5. Bd3 c5 6. c3 Nc6 7. O-O Bd6 8. dxc5
Bxc5 9. e4 O-O 10. e5 Nd7 11. Nb3 Be7 12. Re1 Re8 13. Nbd4 Nf8 14. Nd2 Ng6 15.
Qh5 Nxd4 16. cxd4 Qb6 17. Nb3 Bd7 18. Re3 Nf8 19. Bxh7+ Nxh7 20. Rh3 Bb4 21.
Qxh7+ Kf8 22. Qh8+ Ke7 23. Bg5+ f6 24. Bxf6+ {#} 1-0

[Event "Championnat de France Pupille"]
[Site "CALVI"]
[Date "2005.04.23"]
[Round "8.9"]
[White "Ane, Cedric"]
[Black "Coustance, Kevin"]
[Result "0-1"]
[WhiteElo "1620"]
[BlackElo "1840"]
[PlyCount "52"]
[EventDate "2005.??.??"]
[SourceDate "2005.04.17"]

1. e4 c5 2. c3 d5 3. exd5 Qxd5 4. d4 Nf6 5. Nf3 Bg4 6. Qa4+ Nbd7 7. Bc4 Qe4+ 8.
Be3 Bxf3 9. gxf3 Qxf3 10. Rg1 cxd4 11. cxd4 g6 12. Nd2 Qf5 13. Qb3 e6 14. Qxb7
Rb8 15. Qxa7 Bb4 16. b3 O-O 17. Ke2 Rfc8 18. Rac1 Bxd2 19. Kxd2 Ra8 20. Bd3 Qd5
21. Rxc8+ Rxc8 22. Qa4 Ra8 23. Qc4 Rxa2+ 24. Kc3 Qa5+ 25. b4 Qa3+ 26. Qb3 Nd5+
0-1

[Event "Championnat de France Pupille"]
[Site "CALVI"]
[Date "2005.04.23"]
[Round "8.10"]
[White "Bensaid, Alexandre"]
[Black "Peyre, Thomas"]
[Result "0-1"]
[WhiteElo "1780"]
[BlackElo "1730"]
[PlyCount "68"]
[EventDate "2005.??.??"]
[SourceDate "2005.04.17"]

1. e4 e6 2. d4 d5 3. Nc3 Bb4 4. e5 c5 5. Bd2 Ne7 6. Nb5 Bxd2+ 7. Qxd2 O-O 8. f4
cxd4 9. Nxd4 Nbc6 10. Ngf3 Qb6 11. c3 Bd7 12. Bd3 Nxd4 13. Nxd4 a6 14. O-O Nc6
15. Kh1 Nxd4 16. cxd4 Bb5 17. Bxb5 Qxb5 18. f5 exf5 19. Rxf5 Rac8 20. Raf1 Rc6
21. Qf2 f6 22. h3 Qd3 23. Qh4 Rc1 24. Kg1 Rfc8 25. exf6 Qxf5 26. f7+ Kf8 27.
Rxc1 Rxc1+ 28. Kh2 Rf1 29. Qd8+ Kxf7 30. Qc7+ Kg8 31. Qd8+ Qf8 32. Qxd5+ Kh8
33. Qxb7 Qf4+ 34. g3 Qd2+ 0-1

[Event "Championnat de France Pupillette"]
[Site "CALVI"]
[Date "2005.04.23"]
[Round "8.1"]
[White "Mallet, Berenice"]
[Black "Lefevre, Margaux"]
[Result "0-1"]
[WhiteElo "1550"]
[BlackElo "1780"]
[PlyCount "114"]
[EventDate "2005.??.??"]
[SourceDate "2005.04.17"]

1. e4 e6 2. d4 d5 3. Nc3 Bb4 4. exd5 exd5 5. Bd3 Nc6 6. a3 Bxc3+ 7. bxc3 Nge7
8. Qf3 Ng6 9. Ne2 Nce7 10. O-O Be6 11. Ng3 Qd7 12. Rb1 c6 13. Bf4 O-O 14. Rfe1
Rfe8 15. Be5 Rac8 16. Bxg7 Kxg7 17. Nh5+ Kf8 18. Nf6 Qd6 19. Nxh7+ Kg7 20. Ng5
Qf4 21. Nxe6+ fxe6 22. Rxe6 Qxf3 23. gxf3 Nf4 24. Re5 Nxd3 25. cxd3 b6 26. Kg2
Ng6 27. Rg5 Kh6 28. Rg4 Kh5 29. Rg1 Rg8 30. Kf1 Ne7 31. R1g3 Rxg4 32. fxg4+ Kg5
33. Ke2 Ng6 34. h3 Nf4+ 35. Kd2 Re8 36. Rf3 Re2+ 37. Kd1 Ra2 38. Re3 Rxa3 39.
Re5+ Kg6 40. h4 Ra1+ 41. Kd2 Ra2+ 42. Ke3 Ng2+ 43. Kf3 Nxh4+ 44. Kg3 Kf7 45.
Kxh4 Rxf2 46. Re1 a5 47. Rb1 b5 48. Ra1 a4 49. c4 Rb2 50. Rf1+ Kg7 51. g5 a3
52. Ra1 a2 53. cxb5 cxb5 54. Kg4 b4 55. Kf5 b3 56. Rc1 Rf2+ 57. Ke5 b2 0-1

[Event "Championnat de France Pupillette"]
[Site "CALVI"]
[Date "2005.04.23"]
[Round "8.2"]
[White "Kohi, Camilla"]
[Black "Khan, Mai-Ly"]
[Result "1-0"]
[WhiteElo "1881"]
[BlackElo "1610"]
[PlyCount "55"]
[EventDate "2005.??.??"]
[SourceDate "2005.04.17"]

1. d4 d5 2. c4 e6 3. Nc3 c6 4. e4 Nf6 5. e5 Nfd7 6. f4 f5 7. a3 Qh4+ 8. g3 Qh6
9. Nf3 Be7 10. c5 b6 11. b4 O-O 12. h3 a5 13. Be3 axb4 14. axb4 Rxa1 15. Qxa1
Qg6 16. Rg1 Qh5 17. g4 fxg4 18. hxg4 Qg6 19. Qd1 Ba6 20. b5 cxb5 21. Bd3 Qe8
22. Qc2 h6 23. Bg6 Qc8 24. g5 h5 25. Qh2 Bxg5 26. Nxg5 Re8 27. Qxh5 Nf8 28.
Bf7# 1-0

[Event "Championnat de France Pupillette"]
[Site "CALVI"]
[Date "2005.04.23"]
[Round "8.3"]
[White "Neuhauser, Salome"]
[Black "Wehr, Margaux"]
[Result "1-0"]
[WhiteElo "1660"]
[BlackElo "1390"]
[PlyCount "85"]
[EventDate "2005.??.??"]
[SourceDate "2005.04.17"]

1. e4 c5 2. Nc3 Nc6 3. f4 g6 4. Nf3 Bg7 5. Bb5 e6 6. Bxc6 bxc6 7. d3 d5 8. e5
Ne7 9. O-O O-O 10. Na4 Qa5 11. c4 Rb8 12. b3 Nf5 13. Bd2 Qd8 14. Qe1 f6 15. Ba5
Qe7 16. Bc3 Bd7 17. Bb2 Rfd8 18. Ba3 Ra8 19. Bxc5 Qf7 20. Qf2 Bh6 21. Nd4 fxe5
22. Nxf5 Qxf5 23. fxe5 Qxf2+ 24. Rxf2 Bg7 25. Bd6 Bf8 26. Bxf8 Rxf8 27. Rxf8+
Rxf8 28. Nc5 Bc8 29. Rf1 Rxf1+ 30. Kxf1 Kg7 31. Kf2 g5 32. g3 h5 33. h4 Kg6 34.
cxd5 cxd5 35. d4 Kf5 36. Kf3 gxh4 37. gxh4 Kg6 38. Kf4 Kh6 39. b4 Kg6 40. a4 a6
41. b5 axb5 42. axb5 Kh6 43. b6 1-0

[Event "Championnat de France Pupillette"]
[Site "CALVI"]
[Date "2005.04.23"]
[Round "8.4"]
[White "Le Bail, Arielle"]
[Black "Armas, Lena"]
[Result "1-0"]
[WhiteElo "1650"]
[BlackElo "1500"]
[PlyCount "47"]
[EventDate "2005.??.??"]
[SourceDate "2005.04.17"]

1. e4 e5 2. f4 d6 3. fxe5 dxe5 4. Qh5 Nd7 5. Bc4 Qf6 6. d3 h6 7. Nf3 Bc5 8. Nc3
g6 9. Qh3 Nb6 10. Qg3 Nxc4 11. dxc4 Be6 12. Nd5 Bxd5 13. cxd5 O-O-O 14. Bd2 Re8
15. O-O-O Kb8 16. Kb1 Bd4 17. Rhf1 Qd6 18. Nxd4 exd4 19. Qxd6 cxd6 20. Rxf7
Rxe4 21. Bf4 d3 22. Bxd6+ Kc8 23. cxd3 Rd4 24. Be5 1-0

[Event "Championnat de France Pupillette"]
[Site "CALVI"]
[Date "2005.04.23"]
[Round "8.5"]
[White "Monasri, Sara"]
[Black "Bellotti, Charlotte"]
[Result "1-0"]
[WhiteElo "1520"]
[BlackElo "1580"]
[PlyCount "101"]
[EventDate "2005.??.??"]
[SourceDate "2005.04.17"]

1. e4 c5 2. Nf3 e6 3. d4 cxd4 4. Nxd4 Nf6 5. Nc3 Nc6 6. Be3 Bb4 7. Nxc6 bxc6 8.
Qd4 Bxc3+ 9. Qxc3 O-O 10. f3 Bb7 11. O-O-O d5 12. g4 Nd7 13. h4 Qf6 14. Qxf6
Nxf6 15. e5 Nd7 16. f4 f6 17. exf6 Nxf6 18. Bc5 Rfe8 19. Bd4 Rf8 20. Bh3 Ne4
21. f5 exf5 22. gxf5 c5 23. Bg1 Ng3 24. Rh2 Nxf5 25. Bxc5 Rf7 26. Rhd2 Bc6 27.
c4 Rc8 28. Bxa7 Rxa7 29. Bxf5 Rcc7 30. Be6+ Kh8 31. Bxd5 Bxd5 32. Rxd5 Rxc4+
33. Kb1 h6 34. R5d4 Rac7 35. b3 R4c5 36. a4 Rb7 37. Kb2 Ra5 38. Ka3 Ra6 39. Rc1
Kh7 40. b4 Kg6 41. b5 Rxb5 42. Rg4+ Kh7 43. Rc7 Rb8 44. Rgxg7+ Kh8 45. Rb7 Rba8
46. Rg4 h5 47. Rgb4 Ra5 48. Rb8+ Rxb8 49. Rxb8+ Kg7 50. Rb5 Ra6 51. Rxh5 1-0

[Event "Championnat de France Pupillette"]
[Site "CALVI"]
[Date "2005.04.23"]
[Round "8.6"]
[White "Lenoel, Marine"]
[Black "Benac, Anais"]
[Result "1/2-1/2"]
[WhiteElo "1580"]
[BlackElo "1430"]
[PlyCount "97"]
[EventDate "2005.??.??"]
[SourceDate "2005.04.17"]

1. e4 e5 2. Nf3 Nc6 3. Nc3 Nf6 4. Bc4 Bc5 5. d3 d6 6. Bg5 h6 7. Bh4 Bb4 8. h3
Nd4 9. Bb3 c6 10. O-O a5 11. a3 Bxc3 12. bxc3 Ne6 13. d4 g5 14. Bg3 Nxe4 15.
Qd3 Nxg3 16. fxg3 Qf6 17. Nxe5 Qg7 18. Nxf7 Rf8 19. Nxd6+ Kd7 20. Rxf8 Qxf8 21.
Nc4 Kc7 22. Rf1 Qe7 23. Qg6 Nd8 24. Qxh6 b5 25. Ne5 c5 26. Qf6 Qxf6 27. Rxf6 c4
28. Ba2 b4 29. axb4 axb4 30. Bxc4 bxc3 31. Rg6 Ra1+ 32. Kh2 Rc1 33. Bb3 Bb7 34.
Rxg5 Rd1 35. Rg7+ Kb8 36. Rg8 Kc7 37. Rg4 Rd2 38. Rg7+ Kc8 39. h4 Rxg2+ 40. Kh3
Rd2 41. Nf7 Nxf7 42. Rxf7 Rxd4 43. h5 Bc6 44. h6 Bd7+ 45. Rxd7 Rxd7 46. h7 Rd1
47. Kg2 Rd2+ 48. Kf3 Rh2 49. Bg8 1/2-1/2

[Event "Championnat de France Pupillette"]
[Site "CALVI"]
[Date "2005.04.23"]
[Round "8.7"]
[White "Mencacci, Tiphanie"]
[Black "Pinault, Mailys"]
[Result "1-0"]
[WhiteElo "1610"]
[BlackElo "1370"]
[PlyCount "73"]
[EventDate "2005.??.??"]
[SourceDate "2005.04.17"]

1. e4 e6 2. d4 d5 3. e5 c5 4. c3 Nc6 5. Nf3 Qb6 6. dxc5 Bxc5 7. Qc2 Nh6 8. Bxh6
gxh6 9. Bd3 Bd7 10. O-O Qc7 11. Re1 Qb6 12. Rf1 Qc7 13. Re1 Qb6 14. Re2 Rg8 15.
Bxh7 Rg7 16. Bd3 O-O-O 17. Nbd2 Rdg8 18. g3 h5 19. Bh7 Rh8 20. Bd3 Be7 21. Qb3
Qxb3 22. Nxb3 f6 23. Nbd4 fxe5 24. Nxe5 Nxd4 25. cxd4 Be8 26. Rc1+ Kd8 27. Nf3
Bd7 28. Ne5 Be8 29. Rec2 Bd6 30. Rc8+ Ke7 31. Ra8 a6 32. Rcc8 Bxe5 33. dxe5
Rgg8 34. Rc7+ Kf8 35. Rxb7 Rg7 36. Rxg7 Kxg7 37. Rxa6 1-0

[Event "Championnat de France Pupillette"]
[Site "CALVI"]
[Date "2005.04.23"]
[Round "8.8"]
[White "Saucey, Capucine"]
[Black "Uhl, Sarah"]
[Result "1/2-1/2"]
[WhiteElo "1560"]
[BlackElo "1360"]
[PlyCount "71"]
[EventDate "2005.??.??"]
[SourceDate "2005.04.17"]

1. e4 c5 2. Nf3 Nc6 3. d4 cxd4 4. Nxd4 g6 5. c4 Bg7 6. Be3 Nf6 7. Nc3 O-O 8.
Be2 d6 9. Qd2 Nxd4 10. Bxd4 Bd7 11. O-O-O Bc6 12. f3 Re8 13. g4 Nd7 14. Bxg7
Kxg7 15. h4 Rh8 16. Rhg1 f6 17. f4 h6 18. b4 b6 19. Bd3 a5 20. b5 Bb7 21. a4
Nc5 22. Bc2 Ra7 23. Kb2 Qc7 24. Nd5 Bxd5 25. cxd5 Nd7 26. Rc1 Qd8 27. Qf2 Rc7
28. Bb3 Nc5 29. Bc2 Nd7 30. Rge1 Nc5 31. Rf1 Rf8 32. f5 g5 33. hxg5 hxg5 34.
Rh1 Rh8 35. Rh2 Rxh2 36. Qxh2 1/2-1/2

[Event "Championnat de France Pupillette"]
[Site "CALVI"]
[Date "2005.04.23"]
[Round "8.9"]
[White "Auffret, Gaelle"]
[Black "Vernerey, Lea"]
[Result "1-0"]
[WhiteElo "1490"]
[BlackElo "1350"]
[PlyCount "55"]
[EventDate "2005.??.??"]
[SourceDate "2005.04.17"]

1. d4 Nf6 2. Bg5 g6 3. Bxf6 exf6 4. Nc3 Bg7 5. Nf3 d5 6. e3 O-O 7. Bd3 Bg4 8.
O-O Nc6 9. Re1 Nb4 10. Be2 Rc8 11. a3 Nc6 12. Qd3 Ne7 13. e4 c5 14. Rad1 f5 15.
Nxd5 Nxd5 16. exd5 c4 17. Qc3 Qxd5 18. Ne5 Bxe2 19. Rxe2 Rfe8 20. Rde1 Rcd8 21.
Nxc4 Bxd4 22. Rxe8+ Rxe8 23. Rxe8+ Kg7 24. Qb4 Bc5 25. Qc3+ Bd4 26. Qd3 a6 27.
Re3 Qc5 28. Rf3 1-0

[Event "Championnat de France Pupillette"]
[Site "CALVI"]
[Date "2005.04.23"]
[Round "8.10"]
[White "Daadaa, Soha"]
[Black "Soubirou, Oriane"]
[Result "1-0"]
[WhiteElo "1490"]
[BlackElo "1330"]
[PlyCount "65"]
[EventDate "2005.??.??"]
[SourceDate "2005.04.17"]

1. d4 d5 2. Nf3 Nf6 3. c4 e6 4. e3 c6 5. Nc3 Be7 6. Bd3 O-O 7. O-O Nbd7 8. Qc2
h6 9. Re1 b6 10. e4 dxc4 11. Bxc4 Bb7 12. Qe2 Nb8 13. Bd3 Re8 14. e5 Nh7 15.
Qe4 Nf8 16. Qg4 g5 17. h4 Nh7 18. Bxh7+ Kxh7 19. hxg5 Rg8 20. Qh5 Rg6 21. Nh4
Bxg5 22. Nxg6 fxg6 23. Bxg5 Qxg5 24. Qxg5 hxg5 25. Re4 c5 26. Rg4 Kh6 27. dxc5
bxc5 28. Re1 Nd7 29. Rg3 a6 30. Ne4 Bxe4 31. Rxe4 a5 32. Rd3 c4 33. Rxd7 1-0

[Event "Championnat de France Petit-Poussins"]
[Site "CALVI"]
[Date "2005.??.??"]
[Round "1.1"]
[White "Ballahcene, Bilel"]
[Black "Hoerdt, Audran"]
[Result "1-0"]
[WhiteElo "1630"]
[BlackElo "1170"]
[PlyCount "79"]
[EventDate "2005.??.??"]
[SourceDate "2005.04.17"]

1. e4 e5 2. Nf3 Nf6 3. Nxe5 d6 4. Nf3 Nxe4 5. Be2 Nf6 6. d4 Bf5 7. c4 Be7 8.
Nc3 O-O 9. O-O Nbd7 10. Bg5 Re8 11. Bd3 Be6 12. Qc2 c6 13. Bxf6 Nxf6 14. Ne4 g6
15. Nfd2 d5 16. cxd5 cxd5 17. Nc3 Rc8 18. Qb3 b6 19. Rac1 Bd6 20. h3 Qd7 21.
Bb5 Qe7 22. Bxe8 Rxe8 23. Nb5 Bf4 24. Rc2 Bf5 25. Nf3 Bxc2 26. Qxc2 Qd7 27. Nc3
Qd6 28. Re1 Rxe1+ 29. Nxe1 Bh2+ 30. Kf1 Qf4 31. Nf3 Ne4 32. Nxd5 h5 33. Nxf4
Bxf4 34. Qxe4 Bh6 35. Qe8+ Kg7 36. Ne5 Kf6 37. Qxf7+ Kg5 38. g3 h4 39. f4+ Kh5
40. g4# 1-0

[Event "Championnat de France Petit-Poussins"]
[Site "CALVI"]
[Date "2005.??.??"]
[Round "1.2"]
[White "Baudry, Remi"]
[Black "Fleurquin, Bryan"]
[Result "1-0"]
[WhiteElo "1160"]
[BlackElo "1600"]
[PlyCount "59"]
[EventDate "2005.??.??"]
[SourceDate "2005.04.17"]

1. e4 e5 2. Ke2 d6 3. Nf3 Be7 4. Nc3 Nf6 5. g3 Bg4 6. Bg2 O-O 7. b3 d5 8. h3
dxe4 9. hxg4 exf3+ 10. Bxf3 Qc8 11. Kf1 Nxg4 12. Kg2 f5 13. Re1 Bc5 14. Bxg4
fxg4 15. Ne4 Bd4 16. c3 Bb6 17. d4 exd4 18. cxd4 Rd8 19. Bb2 c5 20. Rc1 Qc6 21.
Qd2 Re8 22. d5 Qc7 23. d6 Qf7 24. Ng5 Qf8 25. d7 Rd8 26. Re8 Rxe8 27. dxe8=Q
Qxe8 28. Qd5+ Kh8 29. Qxb7 Nc6 30. Qxg7# 1-0

[Event "Championnat de France Poussins"]
[Site "CALVI"]
[Date "2005.??.??"]
[Round "1.2"]
[White "Cohen, A."]
[Black "Cabanes, K."]
[Result "0-1"]
[WhiteElo "1440"]
[BlackElo "1830"]
[PlyCount "82"]
[EventDate "2005.??.??"]
[SourceDate "2005.04.17"]

1. e4 c6 2. Nf3 d5 3. e5 Bf5 4. d4 c5 5. dxc5 e6 6. Be3 Nd7 7. Bb5 Qc7 8. Nc3
Ne7 9. O-O Nc6 10. Bd4 Bxc5 11. Bxc6 bxc6 12. Bxc5 Nxc5 13. Nd4 Bg6 14. Nf3 O-O
15. Re1 Rfb8 16. Rb1 Nd7 17. Re2 a6 18. Qd4 c5 19. Qf4 Rb4 20. Qg3 Rab8 21. b3
c4 22. a3 R4b7 23. b4 a5 24. b5 Qc5 25. a4 Qa3 26. Re3 Qc5 27. Rc1 Qb6 28. Nh4
d4 29. Nxg6 hxg6 30. Rf3 dxc3 31. Qf4 Nc5 32. Qxc4 Rc7 33. Rxc3 Rbc8 34. Qh4
Nd7 35. Rh3 f6 36. Qh7+ Kf7 37. Rh6 Nf8 38. Qh8 Rxc2 39. Rxc2 Rxc2 40. h3 gxh6
41. Qxf6+ Ke8 0-1

[Event "Championnat de France Poussins"]
[Site "CALVI"]
[Date "2005.??.??"]
[Round "1.3"]
[White "Wurtz"]
[Black "Tassel, P."]
[Result "1/2-1/2"]
[WhiteElo "1760"]
[BlackElo "1440"]
[PlyCount "37"]
[EventDate "2005.??.??"]
[SourceDate "2005.04.17"]

1. e4 d6 2. d4 Nf6 3. Nc3 g6 4. Nf3 Bg7 5. Bb5+ c6 6. Be2 b5 7. a3 Nbd7 8. Bg5
Qc7 9. O-O O-O 10. Qd2 Bb7 11. Bh6 Rad8 12. Bxg7 Kxg7 13. Rad1 a6 14. Rfe1 e5
15. dxe5 Nxe5 16. Nxe5 dxe5 17. Qc1 c5 18. Bf3 Rxd1 19. Rxd1 1/2-1/2

[Event "Championnat de France Poussins"]
[Site "CALVI"]
[Date "2005.??.??"]
[Round "1.4"]
[White "Delaye, R."]
[Black "Girogan, G."]
[Result "0-1"]
[WhiteElo "1430"]
[BlackElo "1730"]
[PlyCount "45"]
[EventDate "2005.??.??"]
[SourceDate "2005.04.17"]

1. e4 c5 2. Nc3 a6 3. g3 b5 4. a3 Bb7 5. Bg2 d6 6. d3 e6 7. Be3 Nc6 8. Qd2 Nf6
9. Nge2 Be7 10. O-O Ng4 11. h3 Nxe3 12. Qxe3 O-O 13. Qf4 Bg5 14. Qg4 Ne5 15.
Qxg5 Nf3+ 16. Bxf3 Qxg5 17. Rad1 b4 18. axb4 cxb4 19. Na2 a5 20. Bg2 Rac8 21.
c4 d5 22. h4 b3 23. Nac3 0-1

[Event "Championnat de France Poussins"]
[Site "CALVI"]
[Date "2005.??.??"]
[Round "1.5"]
[White "Gros, A."]
[Black "Ferreur, A."]
[Result "1-0"]
[WhiteElo "1680"]
[BlackElo "1440"]
[PlyCount "71"]
[EventDate "2005.??.??"]
[SourceDate "2005.04.17"]

1. e4 d5 2. exd5 Qxd5 3. Nc3 Qa5 4. d4 Nf6 5. Nf3 c6 6. Bc4 b5 7. Bb3 e6 8. Bd2
Bd6 9. Ne4 Qd8 10. Nxd6+ Qxd6 11. a3 a5 12. Qe2 Bb7 13. O-O-O O-O 14. Bg5 Nbd7
15. Ne5 b4 16. Nc4 Qe7 17. Bf4 c5 18. Bd6 Qe8 19. dxc5 Bxg2 20. Rhg1 Bc6 21.
Bxf8 Qxf8 22. Nd6 Nxc5 23. Qc4 Nxb3+ 24. Qxb3 Bd5 25. Qg3 g6 26. Nb5 Rc8 27.
Qd6 Qe8 28. Qf4 Nh5 29. Qh4 Bb3 30. Nd4 Ba4 31. Qxh5 Rc7 32. Qxa5 Qd7 33. Qxb4
e5 34. Nb3 Qc6 35. Rd2 Qe6 36. Qxa4 1-0

[Event "Championnat de France Poussines"]
[Site "CALVI"]
[Date "2005.??.??"]
[Round "1.1"]
[White "Aflalo, S."]
[Black "Khan, R."]
[Result "1-0"]
[WhiteElo "1790"]
[BlackElo "1250"]
[PlyCount "89"]
[EventDate "2005.??.??"]
[SourceDate "2005.04.17"]

1. e4 e5 2. Nf3 Nc6 3. Bc4 Nf6 4. d3 Bc5 5. c3 O-O 6. Bg5 b6 7. Nbd2 Bb7 8. Bb3
a5 9. Nc4 Re8 10. O-O h6 11. Bh4 Ba6 12. Ne3 b5 13. Nd5 Be7 14. Bg3 d6 15. Re1
a4 16. Nxf6+ Bxf6 17. Bd5 Bb7 18. d4 Qd7 19. Rc1 Rad8 20. c4 b4 21. Bxc6 Bxc6
22. d5 Bb7 23. c5 dxc5 24. Rxc5 Be7 25. Nxe5 Qc8 26. Ra5 a3 27. bxa3 bxa3 28.
Qb3 Bd6 29. Nc4 Bxg3 30. hxg3 Re7 31. Qxa3 Rde8 32. f3 Qd7 33. Ne3 Qd6 34. Qb2
Qe5 35. Qxb7 Qc3 36. Re2 Qxa5 37. Qb2 Qb6 38. Qa1 Rb8 39. Kh2 Qb1 40. Qc3 Qb4
41. Qa1 Qb1 42. Qc3 f6 43. Nf5 Re5 44. Qxc7 Ree8 45. Qxg7# 1-0

[Event "Championnat de France Poussines"]
[Site "CALVI"]
[Date "2005.??.??"]
[Round "1.2"]
[White "Savalle, M."]
[Black "Cid, M."]
[Result "0-1"]
[WhiteElo "1250"]
[BlackElo "1640"]
[PlyCount "42"]
[EventDate "2005.??.??"]
[SourceDate "2005.04.17"]

1. e4 c5 2. Nf3 g6 3. d4 cxd4 4. Nxd4 Bg7 5. Nf3 Nc6 6. Nc3 Nf6 7. Bg5 O-O 8.
Bc4 Qa5 9. O-O d6 10. Re1 Bg4 11. Bf4 Rac8 12. Qd3 Nb4 13. Qe2 Bxf3 14. gxf3
Nc6 15. Bd2 Qc7 16. Nd5 Nxd5 17. exd5 Nd4 18. Qd3 Qxc4 19. Qxc4 Rxc4 20. Rec1
Nxf3+ 21. Kh1 Nxd2 {Gain noir au 52eme} 0-1

[Event "Championnat de France Poussines"]
[Site "CALVI"]
[Date "2005.??.??"]
[Round "1.3"]
[White "André, S."]
[Black "Touzet, C."]
[Result "1-0"]
[WhiteElo "1610"]
[BlackElo "1250"]
[PlyCount "73"]
[EventDate "2005.??.??"]
[SourceDate "2005.04.17"]

1. e4 e5 2. f4 Nc6 3. Nf3 Nf6 4. Nc3 d5 5. d3 d4 6. Ne2 Bg4 7. Ng3 Bb4+ 8. Bd2
O-O 9. Bxb4 Nxb4 10. Qd2 Bxf3 11. Qxb4 Bg4 12. fxe5 a5 13. Qc4 Be6 14. Qa4 Qd7
15. Qxd7 Nxd7 16. Ne2 c5 17. c3 Nxe5 18. Kd2 Rfd8 19. Nf4 Ng4 20. h3 Ne3 21.
Ne2 Nxf1+ 22. Rhxf1 a4 23. Kc2 a3 24. b3 b5 25. Rad1 b4 26. c4 h5 27. Nf4 g6
28. Nxe6 fxe6 29. Rf6 Rf8 30. Rxg6+ Kf7 31. Rg3 Ke7 32. Rg7+ Kf6 33. Rc7 Ra5
34. Rf1+ Ke5 35. Rxf8 Kd6 36. Rh7 e5 37. Rf6# 1-0

[Event "Championnat de France Poussines"]
[Site "CALVI"]
[Date "2005.??.??"]
[Round "1.4"]
[White "Vandrisse, M."]
[Black "Benkhalil, R."]
[Result "0-1"]
[WhiteElo "1260"]
[BlackElo "1590"]
[PlyCount "82"]
[EventDate "2005.??.??"]
[SourceDate "2005.04.17"]

1. d4 e6 2. Nf3 d5 3. Bf4 Nf6 4. e3 c5 5. c3 Nc6 6. Be2 Be7 7. h3 O-O 8. O-O
Qb6 9. Qc2 Bd7 10. Nbd2 h6 11. Qd3 c4 12. Qc2 Qa6 13. Qd1 b5 14. a4 b4 15. Be5
b3 16. Nxb3 Nxe5 17. Nxe5 Qb6 18. Nxd7 Nxd7 19. Nd2 Qxb2 20. Rc1 Qb6 21. Rb1
Qd6 22. f4 f5 23. Rf3 Bh4 24. Rb7 Nb6 25. Qc2 Qc6 26. a5 Qxb7 27. axb6 axb6 28.
Rf1 b5 29. Bf3 b4 30. cxb4 Qxb4 31. Nxc4 dxc4 32. Bxa8 Rxa8 33. e4 c3 34. exf5
Qxd4+ 35. Kh1 exf5 36. Qxf5 Re8 37. Qh5 Re1 38. Rxe1 Bxe1 39. Qe8+ Kh7 40. Qxe1
c2 41. Qc1 Qd1+ 0-1